000 01290cam a2200385 4500
001 ABS61409
008 000000n1999 000 0 eng u
035 _a(Sirsi) u100491
100 _aLawrence, V.
245 _aGIS Internet focus - part two
245 _aInternet GIS: will it revolutionise your business?
245 _aCGIMapScript - an alternative for mapping on the web?
245 _aGIS in marketing and the internet
245 _aHow Mapquest.com delivered 1.6 billion maps over the web
245 _aFinding the data resources you need at the desktop: delivery of an NGDF metadata service
245 _aDirections for the geospatial web
260 _c1999
490 _aMapping Awareness
_v13(8) September 1999, 34-50(14)
520 _aGIS internet focus - part two, combines a series of articles which look at the technical future of the GIS industry.
590 _aABS
650 _aCGIMAPSCRIPT
650 _aINTERNET
650 _aGIS
650 _aCACI
650 _aNATIONAL GEOSPATIAL DATA FRAMEWORK
690 _aMAPPING AND MEASUREMENT
700 _aHaskins, D.
700 _aRae, J.
700 _aBeausoleil, B.
700 _aCollins, E.
700 _aNovak, I.
700 _aOwen, B.
700 _aFletcher, S.J.
942 _n0
999 _c60121
_d60121